LIBRARY & INFORMATION CENTRE, KCAET, TAVANUR

ONLINE PUBLIC ACCESS CATALOGUE (OPAC)

Post harvest technology of cereals,pulses and oilseeds / (Record no. 9484)

MARC details
000 -LEADER
fixed length control field 00545cam a2200193ua 4500
020 ## - INTERNATIONAL STANDARD BOOK NUMBER
ISBN 81 204 0969 8
041 ## - LANGUAGE CODE
Language code of text/sound track or separate title eng
082 ## - DEWEY DECIMAL CLASSIFICATION NUMBER
Classification number 631.56
Item number AMA/PO
100 ## - MAIN ENTRY--AUTHOR NAME
Personal name Amalendu, Chakravarhti .
245 ## - TITLE STATEMENT
Title Post harvest technology of cereals,pulses and oilseeds /
250 ## - EDITION STATEMENT
Edition statement 3 /
260 ## - PUBLICATION, DISTRIBUTION, ETC. (IMPRINT)
Place of publication New Delhi :
Name of publisher Oxford & IBH Publishing company ,
Year of publication 1995.
300 ## - PHYSICAL DESCRIPTION
Number of Pages 349 ; .
942 ## - ADDED ENTRY ELEMENTS (KOHA)
Koha item type Books
Holdings
Withdrawn status Lost status Damaged status Home library Current library Date acquired Full call number Accession Number Koha item type
      KAUAET KAUAET 07/04/2012 631.56 19245 Books
      KAUAET KAUAET 07/04/2012 631.56 19697 Books
free website counter